[Event "GER-ch Net qual4 U18"]
[Site "Playchess.com INT"]
[Date "2009.06.17"]
[Round "2"]
[White "Waidelich, Dominik"]
[Black "Will, Patrick"]
[Result "0-1"]
[WhiteElo "1884"]
[BlackElo "1929"]
[PlyCount "72"]
[EventDate "2009.06.17"]
[EventType "swiss (blitz)"]
[EventRounds "7"]
[EventCountry "GER"]
[SourceTitle "CBM 130 Extra"]
[Source "ChessBase"]
[SourceDate "2009.07.02"]
[SourceVersion "2"]
[SourceVersionDate "2009.07.15"]
[SourceQuality "1"]

1. e4 c6 2. c4 d5 3. cxd5 cxd5 4. exd5 Nf6 5. Bb5+ Nbd7 6. Nc3 a6 7. Be2 Nb6 8. d4 Nfxd5 9. Nf3 Bg4 10. 0-0 e6 11. Ne5 Bxe2 12. Qxe2 Bd6 13. Re1 0-0 14. Qg4 Nf6 15. Qg3 Re8 16. Bg5 Be7 17. Rad1 Nh5 18. Bxe7 Qxe7 19. Qf3 Nf6 20. Ne4 Nxe4 21. Rxe4 Nd5 22. Ng4 f5 23. Nh6+ gxh6 24. Re5 Qg5 25. h4 Qf4 26. Qb3 b5 27. Rde1 Qxd4 28. Rxe6 Rxe6 29. Rxe6 Rc8 30. g3 Rc1+ 31. Kg2 Qc4 32. Qxc4 bxc4 33. Rxa6 Rc2 34. b3 Ne3+ 35. Kf3 Nd1 36. bxc4 Rxf2# 0-1

[Event "GER-ch Net qual2 U18"]
[Site "Playchess.com INT"]
[Date "2009.05.13"]
[Round "3"]
[White "Kahleys, Kevin"]
[Black "Waidelich, Dominik"]
[Result "1-0"]
[WhiteElo "2006"]
[BlackElo "1884"]
[PlyCount "27"]
[EventDate "2009.05.13"]
[EventType "swiss (blitz)"]
[EventRounds "7"]
[EventCountry "GER"]
[SourceTitle "CBM 130 Extra"]
[Source "ChessBase"]
[SourceDate "2009.07.02"]
[SourceVersion "2"]
[SourceVersionDate "2009.07.15"]
[SourceQuality "1"]

1. Nf3 d5 2. d4 c6 3. c4 e6 4. g3 Nf6 5. Bg2 Be7 6. 0-0 0-0 7. Qc2 Nbd7 8. Nbd2 Qc7 9. b3 e5 10. dxe5 Nxe5 11. Bb2 Nxf3+ 12. Nxf3 Be6 13. Ng5 Rad8 14. Bxf6 1-0

[Event "Baden-ch U16"]
[Site "Karlsruhe"]
[Date "2008.01.06"]
[Round "7"]
[White "Walther, Jochen"]
[Black "Waidelich, Dominik"]
[Result "1/2-1/2"]
[WhiteElo "1328"]
[BlackElo "1645"]
[PlyCount "30"]
[EventDate "2008.01.02"]
[EventType "swiss"]
[EventRounds "7"]
[EventCountry "GER"]
[SourceTitle "EXT 2009"]
[Source "ChessBase"]
[SourceDate "2008.11.26"]
[SourceVersion "1"]
[SourceVersionDate "2008.11.26"]
[SourceQuality "1"]

1. e4 e5 2. d4 exd4 3. Qxd4 Nc6 4. Qe3 b6 5. Nc3 Bb7 6. Bd2 Nf6 7. Bd3 Ne5 8. f4 Bc5 9. Qe2 Nfg4 10. fxe5 Nf2 11. Be3 Bxe3 12. Qxe3 Nxh1 13. 0-0-0 Qh4 14. Rf1 Qxh2 15. Qf3 0-0 1/2-1/2